00453 2200169 4500001002100000008004100021035002000062245004900082100001900131260003100150300002100181020002200202084001400224082000800238650002300246990001400269INLIS000000000000240 ind  a0010-0625000032 aKimia Untuk Kelas XIcMichael Purba; Sunardi aPurba, Michael aJakarta :bErlangga,c2012 a329 hlm.c25 cm. a978-602-241-035-5 a540 PUR k a540 aPendidikan - Kimia a000000263